00247nam a2200097Ia 4500008004100000100002000041245002700061250000800088260004500096300000800141210107s9999 xx 000 0 und d aNelkon, Michael 0aAdvanced level Physics a7th aNew DelhibCBS Publishers & Distributors a927